Datum a čas kvízu
30
Celkem bodů
Celkový počet nahraných bodů na tomto kvízu bez doplňovacích otázek.
4.
Pořadí na kvízu
Konečné umístění týmu na tomto kvízu.
Zaznamenané odpovědi
| # | Otázka | Odpověď | Body | Výsledky |
|---|---|---|---|---|
| 1. | Ve středu se uskutečnilo letoš... | Jablonec nad Nisou | 0 | |
| 2. | O víkendu se v Rusku konaly pr... | Poledne proti Putinovi | 0 | |
| 3. | Jak se nazývá soutěžní reality... | Peče celá země | 0 | |
| 4. | Automobilka Škoda představila... | Epiq | 1 | |
| 5. | K zajímavému hecování došlo v... | pizzu s ananasem | 1 | |
| 6. | Téma začneme v Evropě. Seřaďte... | 1A 2D 3C 4B | 1 | |
| 7. | Vůdcem Kuby byl několik deseti... | Raúl | 0 | |
| 8. | Které z těchto zvířat nežije p... | C | 1 | |
| 9. | Kolik ostrovních států se nach... | jeden | 0 | |
| 10. | Jak se jmenuje ostrovní stát,... | Vanuatu | 0 |